| 000 | 00791na a2200265 4500 | ||
|---|---|---|---|
| 001 | 22424 | ||
| 003 | MIRAKIL | ||
| 005 | 20181213155252.0 | ||
| 008 | 170213b tu 000 0 | ||
| 035 | _a22424 | ||
| 040 |
_aMilas _btur _cTR-AnCHP |
||
| 041 | _atur | ||
| 090 | _aSHP 39 | ||
| 110 | _aSosyaldemokrat Halkçı Parti (SHP) | ||
| 245 |
_aÖzal "Kara Kitap" _bANAP'ın neresinden dönersen kardır _cSosyaldemokrat Halkçı Parti |
||
| 260 |
_a[y. y.] _bSHP _c[t. y.] |
||
| 300 |
_a28 s. _c12 sm. |
||
| 440 | _aSHP yayınları | ||
| 600 |
_aÖzal, Turgut _xKonuşmalar |
||
| 610 |
_aSosyaldemokrat Halkçı Parti (SHP) _xPropagandalar |
||
| 650 |
_aSiyasal partiler _xSHP _zTürkiye |
||
| 830 | _aSosyaldemokrat Halkçı Parti (SHP) | ||
| 942 |
_2dcc _cBKS |
||
| 999 |
_c9635 _d9635 |
||